000 00536nam a2200181Ia 4500
008 140529s9999 xx 000 0 und d
020 _a9781422138458
050 _aHD 57.7
_b.St7249 2009
100 _aStayer, Ralph C.
245 _aHow I learned to let my workers lead / 
_cRalph Stayer
260 _aBoston, Mass. :
_bHarvard Business Press,
_cc2009.
300 _a71 p. ;
_c17 cm.
440 _a(Harvard business review classics).
521 _aBSBA
650 _aEmployee motivation.
942 _kFOR
_cBK
999 _c117685
_d117685